| 000 | 01567nam2a22002891 4500 | ||
|---|---|---|---|
| 001 | rc\2189165 | ||
| 005 | 20250623055650.0 | ||
| 035 | _a(NLR Aleph) 006612000 | ||
| 090 |
_a7358974 _c7358974 |
||
| 100 | _a20110829d1980 |||y0rusy50 ca | ||
| 101 | 0 | _arus | |
| 102 | _aRU | ||
| 105 | _ay z ||||| | ||
| 200 | 1 |
_aСистема АГЕНТ _eМетод. пособие _fМГУ им. М.В. Ломоносова, Н.-и. ВЦ _gАлександров А.Л., Кауфман В.Ш. (сост.) |
|
| 210 |
_d1980 _aБ. м. |
||
| 215 | _a15 с. | ||
| 461 | 0 |
_1001rc\2189157 _12001#$aМатематическое обеспечение системы коллективного пользования ЭВМ МГУ$f... Н.-и. ВЦ$vВып. 13 _97358903 _cМосква _d1979- _f... Н.-и. ВЦ _nМГУ _tМатематическое обеспечение системы коллективного пользования ЭВМ МГУ _vВып. 13 |
|
| 700 | 1 |
_7ca _8rus _aАлександров _bА. Л. _cканд. физ.-мат. наук, программирование _gАлександр Леонидович _92641084 _3RU\NLR\AUTH\770272828 |
|
| 701 | 1 |
_aКауфман _bВ. Ш. |
|
| 702 | 1 |
_4220 _7ca _8rus _aАлександров _bА. Л. _cканд. физ.-мат. наук, программирование _gАлександр Леонидович _92641084 _3RU\NLR\AUTH\770272828 |
|
| 702 | 1 |
_aКауфман _bВ. Ш. _4220 |
|
| 801 | 0 |
_aRU _bNLR _gpsbo |
|
| 801 | 1 |
_aRU _bELAR _2rusmarc |
|
| 852 |
_aNLR _j79-4/22876 |
||
| 942 | _cBOOK | ||
| 980 | _aNB | ||